| 000 | 01387nam a2200373 a 4500 | ||
|---|---|---|---|
| 001 | ebr10524538 | ||
| 003 | CaPaEBR | ||
| 006 | m u | ||
| 007 | cr cn||||||||| | ||
| 008 | 120217s2011 njua sb 000 0 eng d | ||
| 020 | _z9814355305 | ||
| 020 | _z9789814355308 | ||
| 020 | _z9789814355315 (e-book) | ||
| 040 |
_aCaPaEBR _cCaPaEBR |
||
| 035 | _a(OCoLC)778434539 | ||
| 050 | 1 | 4 |
_aQC861.3 _b.A86 2011eb |
| 245 | 0 | 0 |
_aAtmospheric science (AS) _h[electronic resource] / _ceditor-in-chief, Kenji Satake ; volume editor-in-chief, Chun-Chieh wu. |
| 260 |
_aHackensack, N.J. : _bWorld Scientific, _c2011. |
||
| 300 |
_axiv, 114 p. : _bill. |
||
| 490 | 0 |
_aAdvances in geosciences ; _vv. 22 |
|
| 504 | _aIncludes bibliographical references. | ||
| 533 |
_aElectronic reproduction. _bPalo Alto, Calif. : _cebrary, _d2012. _nAvailable via World Wide Web. _nAccess may be limited to ebrary affiliated libraries. |
||
| 650 | 0 | _aAtmospheric physics. | |
| 650 | 0 | _aPlanetary meteorology. | |
| 650 | 0 | _aSpace environment. | |
| 650 | 0 | _aEarth sciences. | |
| 650 | 0 | _aSpace sciences. | |
| 650 | 0 | _aPlanetology. | |
| 655 | 7 |
_aElectronic books. _2local |
|
| 700 | 1 | _aWu, Chun-Chieh. | |
| 700 | 1 | _aSatake, Kenji. | |
| 710 | 2 | _aebrary, Inc. | |
| 856 | 4 | 0 |
_uhttp://site.ebrary.com/lib/rucke/Doc?id=10524538 _zAn electronic book accessible through the World Wide Web; click to view |
| 999 |
_c143362 _d143362 |
||